000 00668cam a2200241 4500
001 B2097
008 090401t1988 xxu||||| |||| 00| 0 eng d
035 _a(Sirsi) u47989
041 _aeng
050 _a333.332
110 _aDrivers Jonas
_91941
245 4 _aThe variance in valuations
260 _aLondon
_bDrivers Jonas
_c1988
300 _a8p. ; 30cm.
350 _a0
520 _aAccompanied by 5 page Technical Appendix inserted inside back cover.
650 _aPROPERTY INVESTMENT
650 _aPROPERTY PERFORMANCE MEASUREMENT
650 _aValuation
_96273
710 _aInvestment Property Databank
_92288
942 _n0
948 _c04/03/1997
999 _c92257
_d92257